| 000 | 00433nam a22001697a 4500 | ||
|---|---|---|---|
| 003 | OSt | ||
| 008 | 241022b |||||||| |||| 00| 0 eng d | ||
| 020 | _a9781440340925 | ||
| 082 | _a757 SCC | ||
| 100 | _aSCULLY, Pete | ||
| 245 | _aCreative Sketching Workshop: 21 Sketch Crawl Ideas and Exercises | ||
| 250 | _a1st.ed., | ||
| 260 |
_aOHio, _bNorth Light Books, _c2015, |
||
| 300 | _a174 p. | ||
| 650 | _aB.FAD. | ||
| 942 |
_2ddc _cREF |
||
| 999 |
_c12928 _d12928 |
||